000 01221nmc a2200385 a 4500
003 AR-BaBNM
005 20251128204320.0
008 011101s1988 ||||||||||||||000 | spa||
020 _a950-602-177-5
040 _cAR-BaBNM
100 1 _aMenéndez, Nelly Z.
245 1 0 _aJardines maternales
_bbases para una legislación
260 _aBuenos Aires
_bNueva Visión
_c1988
300 _a106 p.
_bgráfs., mapas
490 0 _aAlternativas en salud mental
500 _aContiene información sobre los autores
500 _aLista de títulos de la colección
500 _aCompilación a cargo de Nelly Z. Menéndez
650 4 _aEDUCACION DE LA PRIMERA INFANCIA
650 4 _aEDUCACION COMPARADA
650 4 _aCUIDADO DEL NINO
650 4 _aPSICOLOGIA DE LA EDUCACION
650 4 _aPSICOLOGIA DEL NINO
653 _aJARDINES DE INFANTES
653 _aJARDINES MATERNALES
653 _aLEGISLACION EDUCATIVA
653 _aEDUCACION PARA LA SALUD
700 1 _aMayol Lasalle, Mercedes
700 1 _aOiberman, Alicia
700 1 _aPolei, Héctor
_ecolaborador
700 1 _aRobles Gorriti, Carlos J.
_eprologuista
800 1 _aEcheverría, Haydée
_edirector
942 _cBK
998 _cMARTIN
999 _c6992
_d6992